Seznam výzkumných zpráv vydaných v roce 1989

Guardado en:
Detalles Bibliográficos
Formato: Libro
Lenguaje:checo
Publicado: Praha Státní výzkumný ústav materialů 1989
Etiquetas: Agregar Etiqueta
Sin Etiquetas, Sea el primero en etiquetar este registro!

MARC

LEADER 00000nam a2200000 4500
001 c034334
005 20250613083303.3
041 0 |a cze 
044 |a CZ 
245 1 0 |a Seznam výzkumných zpráv vydaných v roce 1989 
264 1 |a Praha  |b Státní výzkumný ústav materialů  |c 1989 
300 |a 87 s.